LEADER 01569nam0 22003491i 450 001 UON00507072 005 20231205105440.620 010 $a978-07-556-0227-8 100 $a20211125d2020 |0itac50 ba 101 $aeng 102 $aGB 105 $a|||| ||||| 200 1 $aShi?i Islam and Sufism$eclassical views and modern perspectives$fedited by Denis Hermann and Mathieu Terrier 210 $aLondon$cI.B. Tauris$cThe Institute of Ismaili Studies$d2020 215 $axiv, 369 p.$cill.$d24 cm 311 $aARA VII D 67 N$9UON00507074 410 0$1001UON00507074$12001 $aShi'i heritage series$1210 $aLondon$cI.B. Tauris$cin association with the Institute of Ismaili Studies$d2013-$v7 ARA VII D 67 N 606 $aSCIISMO$3UONC014559$2FI 606 $aSUFISMO$xSTORIA$3UONC018058$2FI 606 $aSCIISMO$xSTORIA$3UONC098690$2FI 606 $aSUFISMO$xRELAZIONI$xSCIISMO$3UONC098691$2FI 686 $aARA VII D$cPAESI ARABI - FILOSOFIA E RELIGIONE - SETTE ISLAMICHE (Sciiti, Ismailiti ...)$2A 702 1$aHermann$bDenis$3UONV223136$4340 702 1$aTerrier$bMathieu$3UONV286041$4340 712 $aInstitute of Ismaili Studies$3UONV265379$4650 712 $aTauris$3UONV245873$4650 801 $aIT$bSOL$c20240220$gRICA 899 $aSIBA - SISTEMA BIBLIOTECARIO DI ATENEO$2UONSI 912 $aUON00507072 950 $aSIBA - SISTEMA BIBLIOTECARIO DI ATENEO$dSI ARA VII D 067 N $eSI 37954 5 067 N 996 $aShi?i Islam and Sufism$92440479 997 $aUNIOR